Statistics for Sharknado Movies

Click here to take the quiz!

General Stats

  • This quiz has been taken 30 times
  • The average score is 3 of 6

Answer Stats

#YearAnswer% Correct
12013Sharknado
100%
22014Sharknado: The Second One
46%
32015Sharknado: Oh Hell No!
42%
52017Sharknado: Global Swarming
38%
42016Sharknado: The 4th Awakens
38%
62018The Last Sharknado: It's About Time
38%

Score Distribution

Percentile by Number Answered

Percent of People with Each Score

Your Score History

You have not taken this quiz